000 00477nam a2200181Ia 4500
008 230524s9999 xx 000 0 und d
020 _a9780071068130
082 _a201.73
_bLAW
100 _aAnne T.Lawrence
245 0 _a"Business & Society: Stakeholders, Ethics, Public Policy, 12th ed."
250 _a12TH
260 _aNEW DELHI
_bTMH
_c2010
300 _aXIII;570
500 _aQuantity Number: 15
650 _aManagement
700 _a James Weber
942 _cBK
999 _c49184
_d49184